Προς την πλανητική σκέψη : τι γίγνεσθαι-σκέψη του κόσμου και το γίγνεσθαι-κόσμος της σκέψης
Αποθηκεύτηκε σε:
| Κύριος συγγραφέας: | |
|---|---|
| Μορφή: | Βιβλίο |
| Γλώσσα: | Greek French |
| Δημοσίευση: |
Αθήνα :
Βιβλιοπωλείο της Εστίας,
1996.
|
| Θέματα: | |
| Ετικέτες: |
Προσθήκη ετικέτας
Δεν υπάρχουν, Καταχωρήστε ετικέτα πρώτοι!
|
MARC
| LEADER | 00000cam a2200000 i 4500 | ||
|---|---|---|---|
| 001 | 1/31969 | ||
| 008 | 960729s1996 gr | ||| |||| ||gre|| | ||
| 020 | |a 9600500878 | ||
| 035 | |1 ΕΛΗ |a 1996 |b 2407 |c ΒΙΒΛΙΟΘΗΚΗ |l 10038973 | ||
| 040 | |a GR-MyUA |b gre |e AACR2 | ||
| 041 | 1 | |a gre |h fre | |
| 082 | 0 | |a 110 | |
| 100 | 1 | |a Axelos, Kostas. | |
| 245 | 1 | 0 | |a Προς την πλανητική σκέψη : |b τι γίγνεσθαι-σκέψη του κόσμου και το γίγνεσθαι-κόσμος της σκέψης / |c Κώστας Αξελός. |
| 260 | |a Αθήνα : |b Βιβλιοπωλείο της Εστίας, |c 1996. | ||
| 300 | |a 437 σ. ; |c 21 εκ. | ||
| 500 | |a Τίτλος πρωτοτύπου: Ves la pensee planetaire. | ||
| 650 | 0 | 0 | |a Metaphysics. |
| 650 | 0 | 0 | |a Philosophy of mind. |
| 852 | |a INST |b SAMOS |e 19960729 |h 110 AXE |p 005300009559 |q 005300009559 |t BK |y 0 | ||
| 909 | |a Σ |b 041608 | ||